000 00505nam a2200181Ia 4500
001 21275
005 20260306172907.0
008 260306t2024||||xx |||||||||||||| ||spa||
041 _aESP
082 _a344.522
_bE77
100 _aEscobar Antezano, Carlos Alfredo,
_eAUT
245 0 _aCámara Gesell :
_bsu uso en los delitos de violación sexual de menores como medio de prueba
260 _c2024
300 _a621 páginas :
_c25 cm.
650 _aGEN
654 _aCDE
942 _cLIB
_dJUS
_fJUS
_2ddc
_n
999 _c21275
_d21275